Online
Catalog
Normal view MARC view

Entry Nombre personal

Number of records used in: 1

001 - NÚMERO DE CONTROL

  • campo de control: 77552

003 - IDENTIFICADOR DEL NÚMERO DE CONTROL

  • campo de control: BNPHU

005 - FECHA Y HORA DE LA ÚLTIMA TRANSACCIÓN

  • campo de control: 20240909103846.0

008 - DATOS DE LONGITUD FIJA

  • campo de control de longitud fija: 201208|| aca||aabn | a|a d

040 ## - FUENTE DE LA CATALOGACIÓN

  • Centro catalogador/agencia de origen: DO-SdBNP
  • Lengua de catalogación: spa
  • Centro/agencia transcriptor: BNPHU
  • Normas de descripción: rda

100 1# - ENCABEZAMIENTO-NOMBRE DE PERSONA

  • Nombre de persona: Rivas, Polivio

370 ## - LUGAR ASOCIADO

  • Lugar de nacimiento: Jaragua (Bahoruco)

372 ## - CAMPO DE ACTIVIDAD

  • Campo de actividad: Abogado
  • Campo de actividad: Miembro Suplente de la Junta Central Electoral
  • Campo de actividad: Notario Público
  • Campo de actividad: Consultor
  • Campo de actividad: Educador
  • Campo de actividad: Escritor
  • Campo de actividad: Catedrático
  • Campo de actividad: Ex Juez de Paz del Distrito Nacional

374 ## - OCUPACIÓN

  • Ocupación: Abogado

375 ## - GÉNERO/SEXO

  • Género/Sexo: Masculino

400 1# - TRAZADO DE VÉASE--NOMBRE DE PERSONA

  • Nombre de persona: Rivas, P.

670 ## - FUENTE DE DATOS ENCONTRADOS

  • Cita de la fuente: Work cat.: (OSt): Rivas, Polivio, El derecho electoral dominicano. Santo Domingo: Editora Nurys Paulino

670 ## - FUENTE DE DATOS ENCONTRADOS

  • Cita de la fuente: Rivas, Polivio. Procedimientos de desalojo, 2002:
  • Información encontrada: portada, (Polivio Rivas)

Powered by Koha